000 00925nam a22002417a 4500
008 240605b mp ||||| |||| 00| 0 mon d
020 _a978-99973-1-712-4
035 _a25526
040 _aHE0623081
_bmon
_cMN-UlNLM
_dMN-UlNLM
_erda
041 _amon
042 _a59366
084 _2NNA
_a74.100.5
_bМ.942
245 0 _aМэдрэмж
264 _aУБ.
_bМонсудар хэвлэлийн газар
_c2019
300 _a17х.
336 _2rdacontent
_atext
_btxt
337 _2rdamedia
_aunmediated
_bn
338 _2rdacarrier
_avolume
_bnc
490 _aМэдрэмжийн цуврал
650 _aХүүхдүүд аюултай зүйлээс илүүтэйгээр бавгар сахалтай хүн, сүүдэр, чанга дуугаар ярих зэрэг энгийн л зүйлээс айдаг. Айдас хүүхдий...
942 _2NNA
_cBK
999 _c895210
_d895267